000 00524nam a2200181Ia 4500
003 GCL
008 140319s9999 xx 000 0 ara d
040 _aGCL /
_cGCL
082 0 4 _aط
_b813.087
_bم ل
100 1 _aمحمد شمس الدين (مترجم)
245 1 0 _aلصوص البحر /
_cمحمد شمس الدين (مترجم)
700 1 _aمحمد شمس
490 _aمكتبة المغامرات
_v0
650 0 4 _aالاطفال
650 0 4 _aالقصص
650 0 4 _aقصص الاطفال
942 _2ddc
_cBK
999 _c44764
_d44764